[Event "Ceske Budejovice GM-B"]
[Site "Ceske Budejovice"]
[Date "2025.07.03"]
[Round "6"]
[White "Rakshitta, Ravi"]
[Black "Polak, Tomas"]
[Result "1-0"]
[WhiteElo "2303"]
[BlackElo "2476"]
[PlyCount "59"]
[EventDate "2025.06.28"]
[EventType "tourn"]
[EventRounds "9"]
[EventCountry "CZE"]
[EventCategory "6"]
[SourceTitle "CB28_2025"]
[SourceDate "2025.07.09"]
[SourceVersion "1"]
[SourceVersionDate "2025.07.09"]
[SourceQuality "1"]

1. e4 c6 2. d4 d5 3. e5 c5 4. Nf3 cxd4 5. Nxd4 Nc6 6. Nxc6 bxc6 7. Be3 e6 8. Bd3 Ne7 9. 0-0 Ng6 10. f4 Be7 11. c3 0-0 12. Nd2 c5 13. Nf3 a5 14. h4 d4 15. cxd4 cxd4 16. Nxd4 Bxh4 17. Be4 Ba6 18. Rf3 Rb8 19. Rh3 Bb7 20. Bxg6 hxg6 21. Qg4 Be7 22. Kf2 f5 23. Qxg6 Bh4+ 24. g3 Bd5 25. b3 Rf6 26. exf6 Bxf6 27. Rd1 Qc7 28. Nxf5 a4 29. Rc1 Qd7 30. Nh6+ 1-0

[Event "Ceske Budejovice GM-B"]
[Site "Ceske Budejovice"]
[Date "2025.07.01"]
[Round "4"]
[White "Rakshitta, Ravi"]
[Black "Stefansson, Hannes"]
[Result "1/2-1/2"]
[WhiteElo "2303"]
[BlackElo "2424"]
[PlyCount "41"]
[EventDate "2025.06.28"]
[EventType "tourn"]
[EventRounds "9"]
[EventCountry "CZE"]
[EventCategory "6"]
[SourceTitle "CB28_2025"]
[SourceDate "2025.07.09"]
[SourceVersion "1"]
[SourceVersionDate "2025.07.09"]
[SourceQuality "1"]

1. e4 e5 2. Nf3 Nc6 3. Nc3 Nf6 4. d4 exd4 5. Nxd4 Bb4 6. Nxc6 bxc6 7. Bd3 d5 8. exd5 cxd5 9. 0-0 0-0 10. h3 c6 11. Qf3 Bd6 12. Bf4 Rb8 13. b3 Qc7 14. Bxd6 Qxd6 15. Rfe1 Bd7 16. Qg3 Qxg3 17. fxg3 c5 18. Rad1 Rfd8 19. g4 h6 20. Bf5 Bxf5 21. gxf5 1/2-1/2

[Event "Dubai op-A 25th"]
[Site "Dubai"]
[Date "2025.05.28"]
[Round "2"]
[White "Goutham Krishna, H."]
[Black "Rakshitta, Ravi"]
[Result "1-0"]
[WhiteElo "2427"]
[BlackElo "2324"]
[PlyCount "63"]
[EventDate "2025.05.27"]
[EventType "swiss"]
[EventRounds "9"]
[EventCountry "UAE"]
[SourceTitle "CB23_2025"]
[SourceDate "2025.06.04"]
[SourceVersion "1"]
[SourceVersionDate "2025.06.04"]
[SourceQuality "1"]

1. d4 Nf6 2. c4 e6 3. Bf4 d5 4. cxd5 exd5 5. e3 Bd6 6. Bxd6 Qxd6 7. Nc3 0-0 8. Bd3 b6 9. Nf3 Bg4 10. 0-0 Re8 11. Re1 Ne4 12. Qc2 Bxf3 13. gxf3 Ng5 14. Be2 c6 15. f4 Ne4 16. Nxe4 Qg6+ 17. Kh1 Qxe4+ 18. Qxe4 Rxe4 19. b4 Re6 20. Rec1 Kf8 21. Bf3 Ke7 22. b5 Kd6 23. Rc3 a6 24. bxc6 Nxc6 25. Rac1 Na5 26. Rc7 Rf6 27. h4 g6 28. Kg2 h6 29. a4 Rb8 30. Bg4 Nc4 31. Ra7 a5 32. e4 1-0

[Event "Asia-ch (Women)"]
[Site "Al Ain"]
[Date "2025.05.12"]
[Round "6"]
[White "Rakshitta, Ravi"]
[Black "Mohammadi, Melika"]
[Result "1/2-1/2"]
[WhiteElo "2324"]
[BlackElo "2205"]
[PlyCount "68"]
[EventDate "2025.05.07"]
[EventType "swiss"]
[EventRounds "9"]
[EventCountry "UAE"]
[SourceTitle "CB21_2025"]
[SourceDate "2025.05.21"]
[SourceVersion "1"]
[SourceVersionDate "2025.05.21"]
[SourceQuality "1"]

1. e4 e5 2. Nf3 Nc6 3. Bb5 a6 4. Ba4 Nf6 5. Nc3 b5 6. Bb3 Bc5 7. 0-0 d6 8. Nd5 h6 9. c3 Rb8 10. d4 Ba7 11. h3 0-0 12. Re1 Re8 13. a4 b4 14. a5 bxc3 15. bxc3 exd4 16. cxd4 Be6 17. Nxf6+ Qxf6 18. Bxe6 Nxd4 19. Bd5 Nxf3+ 20. Qxf3 Qxa1 21. Bxf7+ Kh8 22. Bxe8 Rxe8 23. Qf7 Rc8 24. Kh2 Qxa5 25. Bb2 Rg8 26. Re2 Qb4 27. e5 dxe5 28. Bxe5 Bd4 29. Bxc7 Bf6 30. Re6 Rf8 31. Qd7 Qd4 32. Qxd4 Bxd4 33. Rxa6 Rxf2 34. Kg3 Rc2 1/2-1/2

[Event "Asia-ch (Women)"]
[Site "Al Ain"]
[Date "2025.05.10"]
[Round "4"]
[White "Rakshitta, Ravi"]
[Black "Mohota, Nisha"]
[Result "1-0"]
[WhiteElo "2324"]
[BlackElo "2161"]
[PlyCount "147"]
[EventDate "2025.05.07"]
[EventType "swiss"]
[EventRounds "9"]
[EventCountry "UAE"]
[SourceTitle "CB21_2025"]
[SourceDate "2025.05.21"]
[SourceVersion "1"]
[SourceVersionDate "2025.05.21"]
[SourceQuality "1"]

1. e4 e5 2. Nf3 Nc6 3. d4 exd4 4. Bc4 Nf6 5. e5 d5 6. Bb5 Nd7 7. Bxc6 bxc6 8. Nxd4 Nb8 9. 0-0 Be7 10. Qh5 c5 11. Nf5 Bxf5 12. Qxf5 Qd7 13. Qf3 0-0 14. Rd1 Nc6 15. Nc3 d4 16. Bf4 Rad8 17. Ne4 Qe6 18. Qg3 Rb8 19. b3 Qg6 20. Qxg6 fxg6 21. Bg3 Nd8 22. Nd2 Ne6 23. Nc4 h5 24. h3 Bg5 25. Re1 Bf4 26. Bxf4 Rxf4 27. Nb2 Rff8 28. a4 Nf4 29. Rad1 Kf7 30. h4 Ke7 31. Rd2 g5 32. hxg5 Rf5 33. g3 Nh3+ 34. Kg2 Nxg5 35. f4 Ne6 36. Rh1 Rh8 37. Nd3 h4 38. Kf3 Ng5+ 39. Kg4 Ne4 40. Kxf5 Nxg3+ 41. Kg6 Rh6+ 42. Kg5 Ne4+ 43. Kg4 Nxd2 44. Rxh4 Rg6+ 45. Kf5 Rc6 46. Rg4 Kf8 47. Rg6 Rxg6 48. Kxg6 c4 49. bxc4 Nxc4 50. f5 Ne3 51. a5 Nd5 52. Nc5 Ne7+ 53. Kg5 Nd5 54. Ne6+ Kf7 55. Nxd4 c5 56. Nc6 a6 57. e6+ Kf8 58. Nb8 Nc7 59. Nd7+ Ke7 60. Nxc5 Kd6 61. Nd3 Nd5 62. c4 Ne7 63. Kf4 Ng8 64. Nb4 Kc5 65. Nxa6+ Kxc4 66. Nc7 Kc5 67. a6 Kb6 68. Nd5+ Kxa6 69. e7 Nxe7 70. Nxe7 Kb7 71. Kg5 Kc7 72. Kg6 Kd6 73. Kxg7 Kxe7 74. f6+ 1-0

[Event "Baku op-A"]
[Site "Baku"]
[Date "2025.04.28"]
[Round "1"]
[White "Jobava, Baadur"]
[Black "Rakshitta, Ravi"]
[Result "1-0"]
[WhiteElo "2600"]
[BlackElo "2324"]
[PlyCount "81"]
[EventDate "2025.04.28"]
[EventType "swiss"]
[EventRounds "9"]
[EventCountry "AZE"]
[SourceTitle "CB19_2025"]
[SourceDate "2025.05.07"]
[SourceVersion "1"]
[SourceVersionDate "2025.05.07"]
[SourceQuality "1"]

1. c4 e5 2. b3 Nc6 3. Bb2 Nf6 4. Nf3 e4 5. Nd4 Nxd4 6. Bxd4 d6 7. Nc3 Bf5 8. g3 Be7 9. Bg2 Qd7 10. Rc1 Qe6 11. d3 0-0-0 12. dxe4 Nxe4 13. Bxg7 Rhg8 14. Qd5 Bg5 15. Rd1 Nc5 16. Bd4 c6 17. Qxe6+ Nxe6 18. h4 Bh6 19. Bf6 Rd7 20. e4 Bg4 21. f3 Rg6 22. fxg4 Rxf6 23. g5 Rg6 24. Ne2 Bg7 25. Bh3 Kc7 26. Nf4 Bc3+ 27. Ke2 Nxf4+ 28. gxf4 Re7 29. Bf5 Rg7 30. h5 f6 31. Kd3 Bb4 32. h6 Rgf7 33. g6 hxg6 34. Bxg6 Rf8 35. Rh5 Kd7 36. Rg1 Bc5 37. Bf5+ Ke8 38. Rg6 Kf7 39. h7 Ree8 40. Rhh6 Ke7 41. Rg7+ 1-0

[Event "Wch U20 Girls 41st"]
[Site "Petrovac"]
[Date "2025.03.05"]
[Round "9"]
[White "Karacsonyi, Kata"]
[Black "Rakshitta, Ravi"]
[Result "0-1"]
[WhiteElo "2191"]
[BlackElo "2365"]
[PlyCount "70"]
[EventDate "2025.02.25"]
[EventType "swiss"]
[EventRounds "11"]
[EventCountry "MNE"]
[SourceTitle "CB11_2025"]
[SourceDate "2025.03.12"]
[SourceVersion "1"]
[SourceVersionDate "2025.03.12"]
[SourceQuality "1"]

1. e4 e5 2. Nf3 Nc6 3. Nc3 Nf6 4. Nd5 Be7 5. Bd3 d6 6. c3 Be6 7. Nxe7 Qxe7 8. Bc2 d5 9. d4 exd4 10. e5 Ne4 11. Nxd4 Nxe5 12. 0-0 0-0-0 13. f3 Nd6 14. Re1 Ng6 15. Nxe6 fxe6 16. Qd4 Kb8 17. a4 Nc8 18. a5 e5 19. Qf2 Qf6 20. b4 Nf4 21. b5 g5 22. Ra4 h5 23. Be3 Rhe8 24. Rb1 d4 25. Bxf4 gxf4 26. cxd4 Rxd4 27. Rxd4 exd4 28. a6 Re3 29. Be4 Nd6 30. Bxb7 Nxb7 31. axb7 d3 32. Qa2 Qd4 33. Kf1 d2 34. Qc2 Re1+ 35. Rxe1 Qg1+ 0-1

[Event "Rilton Cup 52nd"]
[Site "Stockholm"]
[Date "2025.01.05"]
[Round "9"]
[White "Wong, Zhenyong Jayden"]
[Black "Rakshitta, Ravi"]
[Result "1/2-1/2"]
[WhiteElo "2406"]
[BlackElo "2287"]
[PlyCount "41"]
[EventDate "2024.12.27"]
[EventType "swiss"]
[EventRounds "9"]
[EventCountry "SWE"]
[SourceTitle "CB02_2025"]
[SourceDate "2025.01.08"]
[SourceVersion "1"]
[SourceVersionDate "2025.01.08"]
[SourceQuality "1"]

1. d4 Nf6 2. c4 e6 3. g3 c5 4. d5 exd5 5. cxd5 d6 6. Nc3 g6 7. Bg2 Bg7 8. Nf3 0-0 9. 0-0 Re8 10. Bf4 Bf5 11. Nh4 Bg4 12. h3 Nh5 13. Bd2 Bd7 14. Qb3 Na6 15. Qxb7 Nb4 16. a3 Rb8 17. Qxa7 Ra8 18. Qb7 Rb8 19. Qa7 Ra8 20. Qb7 Rb8 21. Qa7 1/2-1/2

[Event "Rilton Cup 52nd"]
[Site "Stockholm"]
[Date "2024.12.29"]
[Round "3"]
[White "Rakshitta, Ravi"]
[Black "Tripathi, Pratyush"]
[Result "1-0"]
[WhiteElo "2287"]
[BlackElo "1963"]
[PlyCount "95"]
[EventDate "2024.12.27"]
[EventType "swiss"]
[EventRounds "9"]
[EventCountry "SWE"]
[SourceTitle "CB02_2025"]
[SourceDate "2025.01.08"]
[SourceVersion "1"]
[SourceVersionDate "2025.01.08"]
[SourceQuality "1"]

1. Nf3 d5 2. g3 Nd7 3. d4 Nb6 4. Nc3 Bf5 5. Nh4 Bg6 6. Nxg6 hxg6 7. Bg2 c6 8. e4 dxe4 9. Nxe4 e6 10. 0-0 Be7 11. Re1 Nf6 12. Qd3 0-0 13. Ng5 Re8 14. h4 a5 15. c4 Nbd7 16. Qe2 Nf8 17. Be3 Qd7 18. a3 Rac8 19. Rad1 Bd6 20. Nf3 Qc7 21. Bd2 b5 22. cxb5 cxb5 23. Qxb5 Rb8 24. Qa6 Rxb2 25. Bxa5 Qb8 26. Ne5 Bxa3 27. Nc4 Rb3 28. Nd2 Rb2 29. Bc3 Ra2 30. Qc4 Rc2 31. Qd3 Ra2 32. Rb1 Qc7 33. Rb7 Qd6 34. Qb1 Rxd2 35. Bxd2 Qxd4 36. Be3 Qc4 37. Bf1 Qd5 38. Rd1 Qh5 39. Qd3 Qd5 40. Bg2 Qxd3 41. Rxd3 Be7 42. Bc6 Rc8 43. Rxe7 Rxc6 44. Rd8 N6h7 45. Rb7 f6 46. Bd2 e5 47. Bb4 f5 48. Bd6 1-0

[Event "IND-ch (Women) 50th"]
[Site "Karaikudi"]
[Date "2024.10.10"]
[Round "8"]
[White "Rakshitta, Ravi"]
[Black "Padmini, Rout"]
[Result "1/2-1/2"]
[WhiteElo "2322"]
[BlackElo "2328"]
[PlyCount "128"]
[EventDate "2024.10.03"]
[EventType "swiss"]
[EventRounds "11"]
[EventCountry "IND"]
[SourceTitle "CB47_2024"]
[SourceDate "2024.11.20"]
[SourceVersion "1"]
[SourceVersionDate "2024.11.20"]
[SourceQuality "1"]

1. e4 c5 2. Nf3 e6 3. d4 cxd4 4. Nxd4 Nc6 5. Nc3 Qc7 6. Be3 a6 7. Qf3 h5 8. Nxc6 Qxc6 9. a4 Nf6 10. e5 Ng4 11. Bd4 Qc7 12. Qe4 Bc5 13. f4 d5 14. exd6 Qxd6 15. 0-0-0 f5 16. Bxc5 Qxc5 17. Qd4 Qxd4 18. Rxd4 Bd7 19. Bc4 0-0-0 20. Bb3 Rhe8 21. h3 Nf6 22. Re1 h4 23. a5 Kc7 24. Re2 Bc8 25. Rxd8 Kxd8 26. Na4 Nh5 27. Rf2 Re7 28. Nb6 Bd7 29. Rd2 Nf6 30. Nxd7 Nxd7 31. Rd6 e5 32. fxe5 Rxe5 33. Be6 Ke7 34. Rxd7+ Kxe6 35. Rxb7 Rxa5 36. Rxg7 Kf6 37. Rg8 Kf7 38. Rh8 Ra1+ 39. Kd2 Rg1 40. Rxh4 Rxg2+ 41. Kc3 Rg6 42. b4 Kf6 43. Kd4 Kg5 44. Rh8 Kf4 45. Rf8 Rd6+ 46. Kc5 Rh6 47. c4 Rxh3 48. Ra8 Rh6 49. Kd5 Rb6 50. c5 Rxb4 51. c6 Rb5+ 52. Kd4 Rb4+ 53. Kc5 Rb5+ 54. Kd6 Rb6 55. Kd7 Ke4 56. c7 Rb7 57. Kc6 Rxc7+ 58. Kxc7 f4 59. Kd6 f3 60. Rxa6 f2 61. Ra1 Kf3 62. Ke5 Kg2 63. Ke4 f1Q 64. Rxf1 Kxf1 1/2-1/2

[Event "IND-ch (Women) 50th"]
[Site "Karaikudi"]
[Date "2024.10.06"]
[Round "4"]
[White "Rakshitta, Ravi"]
[Black "Manasa, K."]
[Result "1-0"]
[WhiteElo "2322"]
[BlackElo "1840"]
[PlyCount "105"]
[EventDate "2024.10.03"]
[EventType "swiss"]
[EventRounds "11"]
[EventCountry "IND"]
[SourceTitle "CB47_2024"]
[SourceDate "2024.11.20"]
[SourceVersion "1"]
[SourceVersionDate "2024.11.20"]
[SourceQuality "1"]

1. e4 e6 2. d4 d5 3. Nc3 Nf6 4. e5 Nfd7 5. Nce2 c5 6. c3 Nc6 7. Nf3 cxd4 8. cxd4 Bb4+ 9. Nc3 a6 10. a3 Bxc3+ 11. bxc3 Na5 12. Bd3 Qc7 13. 0-0 Qxc3 14. Ra2 h6 15. Rc2 Qb3 16. Qd2 Nc4 17. Bxc4 dxc4 18. d5 c3 19. Rxc3 Qxd5 20. Rd3 Qb5 21. a4 Qxa4 22. Ba3 b6 23. Rc1 Bb7 24. Rc7 Bc6 25. Rdxd7 Qxa3 26. Rxc6 Qa1+ 27. Rc1 Qxc1+ 28. Qxc1 Kxd7 29. Qd2+ Ke8 30. h4 Rd8 31. Qb4 b5 32. Nd4 Rd7 33. Qc5 Rf8 34. Qb6 b4 35. Nc6 f6 36. Qxb4 Kf7 37. exf6 gxf6 38. Qe4 Rh8 39. Nd4 Re7 40. h5 f5 41. Qe3 Rh7 42. Nc6 Re8 43. Qd4 Rg7 44. Qd2 Reg8 45. g3 Re8 46. Qxh6 Kg8 47. Qf6 Kh7 48. Nd8 Rge7 49. Qg6+ Kh8 50. Nf7+ Rxf7 51. Qxf7 Rg8 52. Qxe6 f4 53. Qh6# 1-0